000 00305nam a22001337a 4500
008 170731b xxu||||| |||| 00| 0 eng d
020 _a9780240811444
041 _aeng
080 _25TH
_a004
100 _a32
101 _aSHK
245 _aPRACTICAL RECORDING TECHNIQUES
_cBARTLETT,B
942 _2udc
_cBK
999 _c22279
_d22279